000 00344nab a22001097u 4500
008 130520b1999 xxu||||| |||| 00| 0 eng d
041 _aeng
100 1 _aSchotsmans, Paul T.
_912221
245 0 0 _aPersonalism in Medical Ethics
_cPaul T. Schotsmans
773 0 _tEthical Perspectives
_gV.6, nº1,1999,págs. 10-19
_x1370-0049
_wRev202
942 _cAR
999 _c299659
_d299659